MARC

LEADER 00000nam0a2200000 4500
001 286817
005 20231101235929.0
035 |a (RuTPU)RU\TPU\book\311168 
090 |a 286817 
100 |a 20150310d1982 k y0rusy50 ca 
101 0 |a rus 
102 |a RU 
105 |a a z 001zy 
200 1 |a Количественный прогноз нефтегазоносности  |f В. И. Шпильман 
210 |a Москва  |c Недра  |d 1982 
215 |a 215 с.  |c ил. 
320 |a Библиогр.: с. 212-214. 
606 1 |a Нефтегазоносность  |x Прогноз  |2 stltpush  |3 (RuTPU)RU\TPU\subj\45617  |9 64810 
610 1 |a нефтяные месторождения 
610 1 |a газовые месторождения 
610 1 |a количественный прогноз 
610 1 |a модели 
610 1 |a нефтегазонакопление 
610 1 |a динамическая характеристика 
610 1 |a прогнозные ресурсы 
675 |a 553.98.044  |v 3 
700 1 |a Шпильман  |b В. И.  |g Владимир Ильич 
801 1 |a RU  |b 63413507  |c 20150310 
801 2 |a RU  |b 63413507  |c 20160301  |g RCR 
942 |c BK